[Event "1. Bundesliga 2010/2011"]
[Site "St. Veit/Glan"]
[Date "2011.03.05"]
[Round "10"]
[Board "1"]
[White "Volokitin, Andrei"]
[Black "Bosiocic, Marin"]
[Result "1-0"]
[WhiteElo "2677"]
[BlackElo "2561"]
[PlyCount "105"]
[EventDate "2010.11.19"]
[EventType "team"]
[EventRounds "11"]
[EventCountry "AUT"]
[WhiteTeam "SK Sparkasse Jenbach"]
[BlackTeam "ASVOE Signum Siebdruck St.Veit"]

1.e4 c5 2.Nf3 e6 3.d4 cxd4 4.Nxd4 Nc6 5.Nc3 Qc7 6.Be3 a6 7.Qd2 Nf6 8.O-O-O Bb4
9.f3 O-O 10.g4 b5 11.g5 Ne8 12.Nxc6 dxc6 13.Qf2 e5 14.Bc5 Bxc5 15.Qxc5 Be6 16.h4
f6 17.Be2 fxg5 18.hxg5 g6 19.Rd2 Rc8 20.b3 Rf7 21.Nd1 Ng7 22.Nf2 Re8 23.Rd6 Bd7
24.Nd3 Qd8 25.Qe3 Qe7 26.Rf6 Nh5 27.Rxf7 Qxf7 28.Rd1 Bc8 29.Qc5 Nf4 30.Nxf4
Qxf4+ 31.Kb2 Qxg5 32.Qxc6 Rf8 33.a4 bxa4 34.Qxa4 h5 35.Bxa6 Bxa6 36.Qxa6 Kg7
37.Rd7+ Kh6 38.Qa7 Rh8 39.Rf7 h4 40.Qd7 Qg3 41.Qd2+ Kh5 42.Qd5 h3 43.f4 Kg4
44.Qe6+ Kf3 45.fxe5+ Ke3 46.Qb6+ Kd2 47.Qb4+ Ke2 48.Qc4+ Kd2 49.Qb4+ Ke2 50.Qb5+
Kd2 51.Qa5+ Ke2 52.Qa6+ Kd2 53.Rd7+

[Event "1. Bundesliga 2010/2011"]
[Site "St. Veit/Glan"]
[Date "2011.03.05"]
[Round "10"]
[Board "2"]
[White "Ribli, Zoltan"]
[Black "Gyimesi, Zoltan"]
[Result "1/2-1/2"]
[WhiteElo "2577"]
[BlackElo "2601"]
[PlyCount "50"]
[EventDate "2010.11.19"]
[EventType "team"]
[EventRounds "11"]
[EventCountry "AUT"]
[WhiteTeam "ASVOE Signum Siebdruck St.Veit"]
[BlackTeam "SK Sparkasse Jenbach"]

1.d4 Nf6 2.c4 e6 3.Nf3 d5 4.Nc3 dxc4 5.e4 Bb4 6.Bg5 c5 7.Bxc4 cxd4 8.Nxd4 Bxc3+
9.bxc3 Qa5 10.Bxf6 Qxc3+ 11.Kf1 gxf6 12.Rc1 Qa5 13.Bb5+ Ke7 14.e5 fxe5 15.Qh5
Nd7 16.Qg5+ Kf8 17.Rxc8+ Rxc8 18.Bxd7 Qd8 19.Nxe6+ fxe6 20.Qh6+ Kf7 21.Qxe6+ Kf8
22.Qh6+ Kf7 23.Qe6+ Kf8 24.Qh6+ Kf7 25.Qe6+ Kf8

[Event "1. Bundesliga 2010/2011"]
[Site "St. Veit/Glan"]
[Date "2011.03.05"]
[Round "10"]
[Board "3"]
[White "Schlosser, Philipp"]
[Black "Rogic, Davor"]
[Result "1/2-1/2"]
[WhiteElo "2568"]
[BlackElo "2602"]
[PlyCount "100"]
[EventDate "2010.11.19"]
[EventType "team"]
[EventRounds "11"]
[EventCountry "AUT"]
[WhiteTeam "SK Sparkasse Jenbach"]
[BlackTeam "ASVOE Signum Siebdruck St.Veit"]

1.Nf3 d5 2.d4 Nf6 3.c4 c6 4.e3 Bf5 5.Nc3 e6 6.Nh4 Bg6 7.Be2 Nbd7 8.O-O Ne4 9.g3
Nd6 10.cxd5 cxd5 11.f3 Be7 12.Nxg6 hxg6 13.e4 dxe4 14.fxe4 O-O 15.Be3 Nb6 16.b3
Rc8 17.Qd3 Bg5 18.Rac1 Bxe3+ 19.Qxe3 Qe7 20.a4 Rfd8 21.a5 Nd7 22.Rc2 Nb8 23.d5
exd5 24.Nxd5 Qe5 25.Rxc8 Rxc8 26.Qxa7 Nc6 27.Qb6 Re8 28.b4 Nd4 29.Bd3 Nxe4
30.Nc7 Re7 31.Nb5 Nxb5 32.Bxe4 Qxe4 33.Qxb5 Qd4+ 34.Kg2 Qe4+ 35.Kg1 Qd4+ 36.Kg2
Rc7 37.Rf4 Qe3 38.Qd5 Re7 39.b5 g5 40.Rf2 g4 41.Qf5 Qd4 42.a6 g6 43.axb7 gxf5
44.b8=Q+ Kg7 45.Qf4 Qd5+ 46.Kg1 Re1+ 47.Rf1 Qc5+ 48.Kh1 Qd5+ 49.Kg1 Qc5+ 50.Kh1
Qd5+

[Event "1. Bundesliga 2010/2011"]
[Site "St. Veit/Glan"]
[Date "2011.03.05"]
[Round "10"]
[Board "4"]
[White "Hebesberger, Thomas"]
[Black "Acs, Peter"]
[Result "0-1"]
[WhiteElo "2336"]
[BlackElo "2601"]
[PlyCount "106"]
[EventDate "2010.11.19"]
[EventType "team"]
[EventRounds "11"]
[EventCountry "AUT"]
[WhiteTeam "ASVOE Signum Siebdruck St.Veit"]
[BlackTeam "SK Sparkasse Jenbach"]

1.c4 e5 2.g3 Nc6 3.Bg2 g6 4.Nc3 Bg7 5.e4 d6 6.Nge2 h5 7.h4 Bg4 8.f3 Be6 9.d3 Qd7
10.Nd5 f5 11.Bg5 Nd8 12.Qd2 c6 13.Ndc3 Nf7 14.Be3 Nf6 15.O-O-O b5 16.cxb5 cxb5
17.d4 fxe4 18.d5 Bf5 19.Nxe4 O-O 20.Kb1 Rac8 21.Ka1 Nxe4 22.fxe4 Bg4 23.Rc1 Kh7
24.Rc3 Bh6 25.Rhc1 Rxc3 26.Rxc3 Rc8 27.Rxc8 Qxc8 28.Bxh6 Nxh6 29.Qc3 Qb8 30.Nc1
Qb6 31.Bf1 b4 32.Qc6 Qe3 33.Qc7+ Kg8 34.Bd3 Nf7 35.Bb5 Kf8 36.Qb8+ Kg7 37.Qc7
Kh6 38.Bd3 Qf2 39.Kb1 Kg7 40.a4 bxa3 41.bxa3 Qxg3 42.Qxa7 Qxh4 43.Qg1 Bd7 44.Kb2
Qf4 45.Kc3 h4 46.Ne2 Qf3 47.Kd2 h3 48.Qg3 Qh5 49.Qh2 Qh6+ 50.Ke1 Ng5 51.Kf2 Qh5
52.Ng1 Qd1 53.Ke3 Qc1+

[Event "1. Bundesliga 2010/2011"]
[Site "St. Veit/Glan"]
[Date "2011.03.05"]
[Round "10"]
[Board "5"]
[White "Boensch, Uwe"]
[Black "Kuess, Mario"]
[Result "1-0"]
[WhiteElo "2520"]
[BlackElo "2103"]
[PlyCount "89"]
[EventDate "2010.11.19"]
[EventType "team"]
[EventRounds "11"]
[EventCountry "AUT"]
[WhiteTeam "SK Sparkasse Jenbach"]
[BlackTeam "ASVOE Signum Siebdruck St.Veit"]

1.d4 f5 2.g3 Nf6 3.Bg2 e6 4.Nf3 d5 5.O-O Bd6 6.b3 O-O 7.c4 c6 8.Ba3 Bxa3 9.Nxa3
Qe7 10.Qc1 Nbd7 11.Qb2 Ne4 12.e3 b6 13.Rac1 Ba6 14.b4 Rfc8 15.Rfd1 Nd6 16.Nd2 b5
17.cxd5 cxd5 18.Nb3 Nc4 19.Nxc4 bxc4 20.Nc5 Nxc5 21.bxc5 Rab8 22.Qa3 Qb7 23.Bf3
Qc6 24.Rd2 Rc7 25.Rb2 Rxb2 26.Qxb2 Rb7 27.Qa3 Qb5 28.Kg2 Qc6 29.Qa5 Rb8 30.Bd1
Qb5 31.Qc7 Rb7 32.Qd6 Kf7 33.g4 Rd7 34.Qf4 g6 35.gxf5 exf5 36.Bf3 Qb2 37.c6 Re7
38.Bxd5+ Kg7 39.Qd6 Rxe3 40.Qc7+ Kf6 41.Qd8+ Kg7 42.Qc7+ Kf6 43.Qxh7 Qxc1
44.Qh8+ Ke7 45.Qg7+

[Event "1. Bundesliga 2010/2011"]
[Site "St. Veit/Glan"]
[Date "2011.03.05"]
[Round "10"]
[Board "6"]
[White "Knapp, Friedrich"]
[Black "Lehner, Oliver"]
[Result "0-1"]
[WhiteElo "2041"]
[BlackElo "2431"]
[PlyCount "86"]
[EventDate "2010.11.19"]
[EventType "team"]
[EventRounds "11"]
[EventCountry "AUT"]
[WhiteTeam "ASVOE Signum Siebdruck St.Veit"]
[BlackTeam "SK Sparkasse Jenbach"]

1.Nf3 Nf6 2.d4 g6 3.c3 Bg7 4.Bg5 h6 5.Bxf6 Bxf6 6.e3 d6 7.Bd3 O-O 8.Qc2 c5
9.Nbd2 Bg7 10.h4 cxd4 11.exd4 Nc6 12.O-O-O Be6 13.Rde1 Nb4 14.cxb4 Rc8 15.Nc4
Bxc4 16.Bxc4 d5 17.Kb1 Rxc4 18.Qd2 Qd7 19.Ne5 Qf5+ 20.Ka1 Rc2 21.Qe3 Qxf2
22.Qxf2 Rxf2 23.Nd3 Rd2 24.Rd1 Rxd1+ 25.Rxd1 Bxd4 26.Nf4 e5 27.Nxd5 Rd8 28.Nc3
f5 29.Kb1 Kf7 30.Kc2 Ke6 31.a4 h5 32.Rd2 Bb6 33.Rxd8 Bxd8 34.g3 f4 35.gxf4 exf4
36.Kd3 Bxh4 37.b5 Bf6 38.Ne4 h4 39.b4 Be7 40.Nf2 Kf5 41.Kc4 g5 42.a5 g4 43.b6
axb6

[Event "1. Bundesliga 2010/2011"]
[Site "St. Veit/Glan"]
[Date "2011.03.05"]
[Round "10"]
[Board "1"]
[White "Baramidze, David"]
[Black "Antoniewski, Rafal"]
[Result "1/2-1/2"]
[WhiteElo "2554"]
[BlackElo "2604"]
[PlyCount "67"]
[EventDate "2010.11.19"]
[EventType "team"]
[EventRounds "11"]
[EventCountry "AUT"]
[WhiteTeam "SK Hohenems"]
[BlackTeam "ASVOE Wulkaprodersdorf"]

1.Nf3 Nf6 2.c4 c6 3.Nc3 d5 4.e3 a6 5.h3 b5 6.b3 g6 7.Bb2 Bg7 8.cxd5 cxd5 9.a4 b4
10.Ne2 O-O 11.Rc1 Bb7 12.Nf4 Nbd7 13.Be2 Qb8 14.Nd3 Qd6 15.O-O Ne4 16.Bxg7 Kxg7
17.Rc2 Rfc8 18.Qa1+ f6 19.Rfc1 e5 20.a5 Ndc5 21.Nxc5 Nxc5 22.Qb2 Ne6 23.Rxc8
Rxc8 24.Rxc8 Bxc8 25.Qc2 Bb7 26.d4 Nd8 27.dxe5 fxe5 28.Ne1 Nc6 29.Nd3 Nxa5
30.Qc5 Qxc5 31.Nxc5 Bc8 32.Bg4 Bb7 33.Be2 Bc8 34.Bg4

[Event "1. Bundesliga 2010/2011"]
[Site "St. Veit/Glan"]
[Date "2011.03.05"]
[Round "10"]
[Board "2"]
[White "Kraemer, Martin"]
[Black "Braun, Arik"]
[Result "1/2-1/2"]
[WhiteElo "2506"]
[BlackElo "2542"]
[PlyCount "92"]
[EventDate "2010.11.19"]
[EventType "team"]
[EventRounds "11"]
[EventCountry "AUT"]
[WhiteTeam "ASVOE Wulkaprodersdorf"]
[BlackTeam "SK Hohenems"]

1.d4 d5 2.c4 c6 3.Nc3 Nf6 4.e3 g6 5.Nf3 Bg7 6.Be2 O-O 7.O-O dxc4 8.Bxc4 Bg4 9.h3
Bxf3 10.Qxf3 Nbd7 11.Rd1 e5 12.d5 e4 13.Nxe4 Nxe4 14.Qxe4 Nb6 15.Rb1 Re8 16.Qc2
cxd5 17.Be2 Rc8 18.Qb3 Qe7 19.Bd2 d4 20.Bg4 Rcd8 21.Bf3 Rd7 22.Bb4 Qg5 23.exd4
Bxd4 24.Re1 Red8 25.Re4 a5 26.Ba3 Qd2 27.Re2 Qf4 28.Rbe1 Kg7 29.Re4 Qd2 30.R4e2
Qf4 31.Re4 Qd2 32.R1e2 Qc1+ 33.Kh2 h5 34.g3 a4 35.Qb4 Nc4 36.Re1 Qc2 37.R4e2
Nxa3 38.Qxa3 Qf5 39.Kg2 b5 40.Be4 Qf6 41.Qf3 Bxb2 42.Qxf6+ Bxf6 43.Bc6 Rd4
44.Bxb5 Rb4 45.Bc6 Rd6 46.a3 Rb3

[Event "1. Bundesliga 2010/2011"]
[Site "St. Veit/Glan"]
[Date "2011.03.05"]
[Round "10"]
[Board "3"]
[White "Bezold, Michael"]
[Black "Polzin, Rainer"]
[Result "1/2-1/2"]
[WhiteElo "2525"]
[BlackElo "2494"]
[PlyCount "90"]
[EventDate "2010.11.19"]
[EventType "team"]
[EventRounds "11"]
[EventCountry "AUT"]
[WhiteTeam "SK Hohenems"]
[BlackTeam "ASVOE Wulkaprodersdorf"]

1.d4 Nf6 2.Nf3 g6 3.c4 Bg7 4.g3 c5 5.Bg2 cxd4 6.Nxd4 O-O 7.Nc3 Qc7 8.Nd5 Nxd5
9.cxd5 Qa5+ 10.Kf1 d6 11.h3 Nd7 12.Kg1 Nf6 13.Nb3 Qa4 14.Be3 Bd7 15.Nd4 Rfc8
16.Kh2 Rc5 17.b3 Qa6 18.Nc2 Rc7 19.Bd4 Rac8 20.Ne3 h5 21.Qd2 Bh6 22.Bf3 Rc2
23.Qxc2 Rxc2 24.Nxc2 h4 25.gxh4 Bf5 26.Bxf6 exf6 27.Nd4 Bf4+ 28.Kg2 Bd7 29.e3
Be5 30.Rac1 Qa5 31.Rc4 f5 32.Ne2 Qxa2 33.Rc7 Bb5 34.Nc3 Bxc3 35.Rxc3 Be2 36.Bxe2
Qxe2 37.Ra1 Qd2 38.Rc8+ Kg7 39.Rxa7 Qxd5+ 40.Kg1 Qxb3 41.Rb8 b5 42.Rab7 f4
43.exf4 Qxh3 44.Rxb5 Qg4+ 45.Kf1 Qd1+

[Event "1. Bundesliga 2010/2011"]
[Site "St. Veit/Glan"]
[Date "2011.03.05"]
[Round "10"]
[Board "4"]
[White "Schneider, Ilja"]
[Black "Atlas, Valery"]
[Result "1/2-1/2"]
[WhiteElo "2511"]
[BlackElo "2428"]
[PlyCount "101"]
[EventDate "2010.11.19"]
[EventType "team"]
[EventRounds "11"]
[EventCountry "AUT"]
[WhiteTeam "ASVOE Wulkaprodersdorf"]
[BlackTeam "SK Hohenems"]

1.g3 Nf6 2.Bg2 e6 3.c4 d5 4.d4 Bb4+ 5.Bd2 Be7 6.Nf3 c6 7.O-O O-O 8.Bf4 b6 9.Qc2
Bb7 10.Rd1 Nbd7 11.Nc3 dxc4 12.Nd2 Nd5 13.Nxc4 Nxf4 14.gxf4 Qc7 15.e3 Rac8
16.Rac1 Qb8 17.a3 Rfd8 18.b4 Nf8 19.Ne5 f6 20.Nd3 Kh8 21.Qa2 Rc7 22.Ne4 Rdc8
23.a4 c5 24.bxc5 Qa8 25.f3 bxc5 26.Nexc5 Bxf3 27.Rf1 Bxg2 28.Qxg2 Qxg2+ 29.Kxg2
Kg8 30.Kf3 Kf7 31.Ke4 g6 32.Rb1 Nd7 33.Nxd7 Rxd7 34.Rfc1 Rdc7 35.Rxc7 Rxc7 36.a5
h5 37.Rb8 Rc3 38.Nb4 f5+ 39.Kf3 Kf6 40.h4 Bd6 41.Rb7 Bxb4 42.Rxb4 Ra3 43.Rb5 a6
44.Rc5 Ra2 45.d5 exd5 46.Rc6+ Kf7 47.Rxa6 Kg7 48.Ra7+ Kg8 49.a6 Kh8 50.Kg3 Kg8
51.Kf3

[Event "1. Bundesliga 2010/2011"]
[Site "St. Veit/Glan"]
[Date "2011.03.05"]
[Round "10"]
[Board "5"]
[White "Froewis, Georg"]
[Black "Thiede, Lars"]
[Result "0-1"]
[WhiteElo "2284"]
[BlackElo "2445"]
[PlyCount "92"]
[EventDate "2010.11.19"]
[EventType "team"]
[EventRounds "11"]
[EventCountry "AUT"]
[WhiteTeam "SK Hohenems"]
[BlackTeam "ASVOE Wulkaprodersdorf"]

1.e4 g6 2.d4 Bg7 3.Nc3 d6 4.f4 a6 5.Nf3 b5 6.Bd3 Bb7 7.O-O Nd7 8.e5 e6 9.Be3 Ne7
10.Ne4 Nb6 11.Bf2 Nbd5 12.Qd2 Qd7 13.c3 O-O 14.Bh4 f5 15.Nf2 Nb6 16.Qe2 Ned5
17.Bg3 c5 18.h4 Rac8 19.dxc5 Rxc5 20.exd6 Qxd6 21.Rad1 Re8 22.Nh3 Nc4 23.Bxc4
Rxc4 24.Qd2 Qc6 25.Bf2 b4 26.Bd4 bxc3 27.bxc3 Bxd4+ 28.cxd4 Rc2 29.Qe1 Rxa2
30.h5 Qc3 31.hxg6 h6 32.Qh4 Ne3 33.Qf6 Rxg2+ 34.Kh1 Qc7 35.Rc1 Bxf3 36.Qf7+ Qxf7
37.gxf7+ Kxf7 38.Rxf3 Rc2 39.Ra1 Ng4 40.Rxa6 Rd2 41.Ra1 Rc8 42.Rb1 Rcc2 43.Ra1
Rxd4 44.Rb1 Re2 45.Ra1 Rdd2 46.Rb1 Kg6

[Event "1. Bundesliga 2010/2011"]
[Site "St. Veit/Glan"]
[Date "2011.03.05"]
[Round "10"]
[Board "6"]
[White "Volkmann, Friedrich Karl"]
[Black "Amann, Guenter"]
[Result "1-0"]
[WhiteElo "2409"]
[BlackElo "2348"]
[PlyCount "69"]
[EventDate "2010.11.19"]
[EventType "team"]
[EventRounds "11"]
[EventCountry "AUT"]
[WhiteTeam "ASVOE Wulkaprodersdorf"]
[BlackTeam "SK Hohenems"]

1.e4 c5 2.Nf3 d6 3.d4 cxd4 4.Nxd4 Nf6 5.Nc3 Nc6 6.Bg5 e6 7.Qd2 a6 8.O-O-O Bd7
9.f3 Be7 10.h4 Rc8 11.Kb1 b5 12.Nxc6 Bxc6 13.Ne2 d5 14.e5 Nd7 15.f4 Nc5 16.Nd4
O-O 17.Bd3 f6 18.exf6 Bxf6 19.Rhe1 Qd6 20.Bxf6 Rxf6 21.g3 Be8 22.Re5 Bg6 23.Qe3
Be4 24.h5 h6 25.a3 Qb8 26.Bxe4 dxe4 27.Nb3 Nxb3 28.cxb3 Rf5 29.Qxe4 Rxe5 30.fxe5
Qc7 31.Rd6 Qf7 32.g4 a5 33.Ka2 b4 34.a4 Qe7 35.Ra6

[Event "1. Bundesliga 2010/2011"]
[Site "St. Veit/Glan"]
[Date "2011.03.05"]
[Round "10"]
[Board "1"]
[White "Kurnosov, Igor"]
[Black "Ragger, Markus"]
[Result "1-0"]
[WhiteElo "2653"]
[BlackElo "2614"]
[PlyCount "61"]
[EventDate "2010.11.19"]
[EventType "team"]
[EventRounds "11"]
[EventCountry "AUT"]
[WhiteTeam "SK Sparkasse Fuerstenfeld"]
[BlackTeam "SK MPOE Maria Saal"]

1.e4 e5 2.Nf3 Nc6 3.Bb5 a6 4.Ba4 Nf6 5.O-O Be7 6.Re1 b5 7.Bb3 d6 8.c3 O-O 9.h3
Na5 10.Bc2 c5 11.d4 Nd7 12.a4 b4 13.cxb4 cxb4 14.Nbd2 exd4 15.Nxd4 Bf6 16.N2b3
Ne5 17.Nxa5 Qxa5 18.Bb3 Bb7 19.Nf5 Rad8 20.Bf4 Ng6 21.Qh5 Qc7 22.Rac1 Qb8 23.Bg5
Bxg5 24.Qxg5 Rde8 25.Rcd1 Re5 26.h4 Bxe4 27.Rxe4 Rxe4 28.h5 Rfe8 29.Bxf7+ Kxf7
30.hxg6+ hxg6 31.Nxd6+

[Event "1. Bundesliga 2010/2011"]
[Site "St. Veit/Glan"]
[Date "2011.03.05"]
[Round "10"]
[Board "2"]
[White "Pavasovic, Dusko"]
[Black "Hera, Imre"]
[Result "1/2-1/2"]
[WhiteElo "2578"]
[BlackElo "2565"]
[PlyCount "101"]
[EventDate "2010.11.19"]
[EventType "team"]
[EventRounds "11"]
[EventCountry "AUT"]
[WhiteTeam "SK MPOE Maria Saal"]
[BlackTeam "SK Sparkasse Fuerstenfeld"]

1.e4 c5 2.c3 d5 3.exd5 Qxd5 4.d4 Nf6 5.Nf3 e6 6.Be3 cxd4 7.cxd4 Bb4+ 8.Nc3 Bd7
9.Be2 Bb5 10.O-O Bxc3 11.bxc3 Nbd7 12.Bxb5 Qxb5 13.Rb1 Qc6 14.Qb3 O-O 15.c4 b6
16.Rbc1 Rac8 17.h3 h6 18.Bf4 Rfd8 19.Rfe1 Qb7 20.Re2 Nf8 21.Be5 Ne8 22.Rec2 Ng6
23.Bg3 Nf6 24.c5 Rc6 25.Ne5 Nxe5 26.Bxe5 Ne8 27.Qa4 Rdc8 28.Kh2 Nf6 29.Bxf6 gxf6
30.Qb3 Qc7+ 31.Kg1 Qf4 32.Rc4 Qf5 33.R1c3 Qd5 34.Qc2 f5 35.Re3 f6 36.Qe2 Kh7
37.Qh5 Rg8 38.Qf3 Qxf3 39.Rxf3 Rgc8 40.Ra3 a5 41.Rb3 e5 42.Rb5 exd4 43.Rxd4 bxc5
44.Rc4 a4 45.Ra5 Rb8 46.Raxa4 Rb1+ 47.Kh2 Rb2 48.Kg3 Kg6 49.Ra5 Rd6 50.Rcxc5 f4+
51.Kxf4

[Event "1. Bundesliga 2010/2011"]
[Site "St. Veit/Glan"]
[Date "2011.03.05"]
[Round "10"]
[Board "4"]
[White "Kreisl, Robert"]
[Black "Schenk, Andreas"]
[Result "1/2-1/2"]
[WhiteElo "2394"]
[BlackElo "2511"]
[PlyCount "80"]
[EventDate "2010.11.19"]
[EventType "team"]
[EventRounds "11"]
[EventCountry "AUT"]
[WhiteTeam "SK MPOE Maria Saal"]
[BlackTeam "SK Sparkasse Fuerstenfeld"]

1.Nf3 d5 2.d4 Nf6 3.c4 e6 4.g3 Bb4+ 5.Bd2 Be7 6.Bg2 O-O 7.O-O c6 8.Qc2 Nbd7
9.Rd1 b6 10.b3 Bb7 11.Nc3 Ba6 12.Bf4 Rc8 13.e4 dxc4 14.Nd2 b5 15.bxc4 bxc4
16.Bf1 Bb4 17.Nxc4 Bxc4 18.Bxc4 Qa5 19.Rac1 c5 20.d5 Bxc3 21.Qxc3 Qxc3 22.Rxc3
e5 23.Be3 Nxe4 24.Ra3 Nd6 25.Be2 Rc7 26.Ra6 Nb6 27.Rc1 c4 28.a4 Rd8 29.a5 Nxd5
30.Rxa7 Rxa7 31.Bxa7 Rc8 32.Rd1 Nc3 33.Rxd6 Nxe2+ 34.Kf1 Nd4 35.Bxd4 exd4
36.Rxd4 c3 37.Rd1 c2 38.Rc1 g6 39.Ke2 Ra8 40.Rxc2 Rxa5

[Event "1. Bundesliga 2010/2011"]
[Site "St. Veit/Glan"]
[Date "2011.03.05"]
[Round "10"]
[Board "5"]
[White "Pinter, Jozsef"]
[Black "Halvax, Georg"]
[Result "1-0"]
[WhiteElo "2521"]
[BlackElo "2272"]
[PlyCount "157"]
[EventDate "2010.11.19"]
[EventType "team"]
[EventRounds "11"]
[EventCountry "AUT"]
[WhiteTeam "SK Sparkasse Fuerstenfeld"]
[BlackTeam "SK MPOE Maria Saal"]

1.c4 e6 2.g3 Nf6 3.Bg2 d5 4.Nf3 c5 5.cxd5 Nxd5 6.O-O Be7 7.Nc3 O-O 8.d4 cxd4
9.Nxd5 exd5 10.Nxd4 Nc6 11.Be3 Be6 12.Rc1 Qd7 13.Nxc6 bxc6 14.Qa4 Rfc8 15.Rfd1
Qb7 16.Rd2 c5 17.Qd1 Qb6 18.h4 h6 19.h5 a5 20.Bxd5 Bxd5 21.Rxd5 Qxb2 22.Rc2 Qb4
23.Re5 c4 24.Re4 Bf6 25.Qc1 Qb5 26.Rexc4 Rxc4 27.Rxc4 Qxh5 28.Rc8+ Rxc8 29.Qxc8+
Kh7 30.Qc2+ Kg8 31.a4 Qd5 32.Qd2 Qe5 33.Qd7 h5 34.Qb5 Qc3 35.Bb6 Qe1+ 36.Kg2 h4
37.gxh4 Qb4 38.Bxa5 Qg4+ 39.Kf1 Qxh4 40.Qc6 Qh3+ 41.Ke1 Qg4 42.Kf1 Qh3+ 43.Qg2
Qc8 44.Be1 Qc1 45.Qa8+ Kh7 46.Qe4+ g6 47.Qb4 Qc8 48.Qb3 Kg7 49.a5 Qa6 50.Qd3 Qa8
51.e4 Qh8 52.a6 Qh1+ 53.Ke2 Qh5+ 54.f3 Qh2+ 55.Bf2 Bh4 56.Qd4+ Bf6 57.Qc5 Be5
58.a7 Bd6 59.Qd5 Bg3 60.Qc5 Bd6 61.Qxd6 Qxd6 62.a8=Q Qe5 63.Qb7 Qc3 64.Qd5 Qc2+
65.Qd2 Qc4+ 66.Qd3 Qa2+ 67.Kf1 Qa1+ 68.Kg2 Qc1 69.Qd4+ Kh7 70.Qd5 Qf4 71.Bg3 Qf6
72.Bf2 Qf4 73.Qd8 g5 74.Qd7 Kg6 75.Bg3 Qf6 76.Qd6 Qxd6 77.Bxd6 f5 78.exf5+ Kxf5
79.Kg3

[Event "1. Bundesliga 2010/2011"]
[Site "St. Veit/Glan"]
[Date "2011.03.05"]
[Round "10"]
[Board "6"]
[White "Horvath, Gabor"]
[Black "Kuba, Guenter"]
[Result "1/2-1/2"]
[WhiteElo "2306"]
[BlackElo "2389"]
[PlyCount "68"]
[EventDate "2010.11.19"]
[EventType "team"]
[EventRounds "11"]
[EventCountry "AUT"]
[WhiteTeam "SK MPOE Maria Saal"]
[BlackTeam "SK Sparkasse Fuerstenfeld"]

1.e4 e5 2.Nf3 Nc6 3.Bc4 Bc5 4.c3 Nf6 5.d3 a6 6.O-O Ba7 7.Bb3 d6 8.Nbd2 O-O 9.h3
h6 10.Re1 Re8 11.Nf1 Be6 12.Be3 Bxe3 13.Nxe3 Qd7 14.Nh4 g6 15.Qf3 Kg7 16.Ba4 b5
17.Bb3 Rad8 18.Bxe6 fxe6 19.g4 Rf8 20.Qe2 Nh7 21.Neg2 Rf7 22.Rf1 Rdf8 23.Ne1 Qd8
24.Nhg2 Ng5 25.Kh2 Nf3+ 26.Nxf3 Rxf3 27.Ne1 R3f7 28.Qe3 Qh4 29.f3 Qe7 30.Ng2 d5
31.exd5 exd5 32.Rae1 Qd6 33.Kh1 Kh7 34.Re2 a5

[Event "1. Bundesliga 2010/2011"]
[Site "St. Veit/Glan"]
[Date "2011.03.05"]
[Round "10"]
[Board "1"]
[White "Meier, Georg"]
[Black "Ruck, Robert"]
[Result "1/2-1/2"]
[WhiteElo "2669"]
[BlackElo "2554"]
[PlyCount "62"]
[EventDate "2010.11.19"]
[EventType "team"]
[EventRounds "11"]
[EventCountry "AUT"]
[WhiteTeam "SK Advisory Invest Baden"]
[BlackTeam "Styria Graz"]

1.Nf3 Nf6 2.c4 c5 3.Nc3 Nc6 4.g3 g6 5.Bg2 d6 6.O-O Bg7 7.d4 cxd4 8.Nxd4 Bd7 9.b3
O-O 10.Nc2 Rb8 11.Bd2 a6 12.a4 Qc8 13.Rc1 Bh3 14.Nd5 Bxg2 15.Nxf6+ Bxf6 16.Kxg2
Qe6 17.Ne3 b5 18.axb5 axb5 19.Nd5 bxc4 20.Nxf6+ Qxf6 21.Rxc4 d5 22.Rc5 Qd6 23.b4
Nxb4 24.Bxb4 Rxb4 25.Qxd5 Rd8 26.Rd1 Qxd5+ 27.Rdxd5 Rxd5 28.Rxd5 Kg7 29.h4 h5
30.e3 Kf6 31.Rd2 Ke5

[Event "1. Bundesliga 2010/2011"]
[Site "St. Veit/Glan"]
[Date "2011.03.05"]
[Round "10"]
[Board "2"]
[White "Nanu, Ciprian Costica"]
[Black "Balogh, Csaba"]
[Result "1-0"]
[WhiteElo "2515"]
[BlackElo "2601"]
[PlyCount "89"]
[EventDate "2010.11.19"]
[EventType "team"]
[EventRounds "11"]
[EventCountry "AUT"]
[WhiteTeam "Styria Graz"]
[BlackTeam "SK Advisory Invest Baden"]

1.d4 d5 2.Nf3 Nf6 3.c4 c6 4.e3 Bf5 5.Nc3 e6 6.Nh4 Bg6 7.Nxg6 hxg6 8.Qb3 Qc7 9.g3
Nbd7 10.Bg2 Be7 11.O-O Nb6 12.cxd5 exd5 13.a4 a5 14.e4 dxe4 15.Bf4 Qd8 16.Nxe4
Nfd5 17.Bd2 Bb4 18.Bxb4 Nxb4 19.Nc5 O-O 20.Nxb7 Qxd4 21.Rfd1 Qc4 22.Qxc4 Nxc4
23.b3 Rfb8 24.Nc5 Ne5 25.Rac1 g5 26.Nd7 Nxd7 27.Rxd7 Rd8 28.Rcd1 Rxd7 29.Rxd7
Re8 30.Bf1 f6 31.f4 gxf4 32.gxf4 Nd5 33.Ra7 Ne3 34.Bd3 Rd8 35.Bg6 Nd5 36.f5 Rb8
37.Rxa5 Kf8 38.Ra7 Rxb3 39.a5 Rb8 40.a6 Ne7 41.Rb7 Ra8 42.a7 Nc8 43.Rb8 Rxa7
44.Rxc8+ Ke7 45.Rxc6

[Event "1. Bundesliga 2010/2011"]
[Site "St. Veit/Glan"]
[Date "2011.03.05"]
[Round "10"]
[Board "3"]
[White "Shengelia, David"]
[Black "Moser, Eva"]
[Result "1/2-1/2"]
[WhiteElo "2573"]
[BlackElo "2425"]
[PlyCount "86"]
[EventDate "2010.11.19"]
[EventType "team"]
[EventRounds "11"]
[EventCountry "AUT"]
[WhiteTeam "SK Advisory Invest Baden"]
[BlackTeam "Styria Graz"]

1.Nf3 d5 2.e3 Nf6 3.c4 e6 4.b3 Be7 5.Bb2 O-O 6.Be2 c5 7.d3 Nc6 8.a3 b6 9.O-O Bb7
10.Nbd2 Qc7 11.Rc1 Rad8 12.Rc2 dxc4 13.Nxc4 Nd7 14.Qa1 Bf6 15.d4 cxd4 16.exd4
Na5 17.Qc1 Nxb3 18.Qe3 Na5 19.Rfc1 Nxc4 20.Bxc4 Qb8 21.Ng5 Bxg5 22.Qxg5 h6
23.Qh4 Bd5 24.Bf1 Nf6 25.f3 Rc8 26.Qg3 Qxg3 27.hxg3 Rxc2 28.Rxc2 Rd8 29.Rc7 a5
30.Bd3 Ba8 31.Ra7 Nd5 32.g4 Bc6 33.Be4 Ra8 34.Bxd5 Bxd5 35.Rc7 Kf8 36.Kf2 Ke8
37.Ke3 Rb8 38.Bc3 Rb7 39.Rxb7 Bxb7 40.d5 g6 41.dxe6 fxe6 42.Bg7 b5 43.Bc3 b4

[Event "1. Bundesliga 2010/2011"]
[Site "St. Veit/Glan"]
[Date "2011.03.05"]
[Round "10"]
[Board "4"]
[White "Danner, Georg"]
[Black "Baumegger, Siegfried"]
[Result "1/2-1/2"]
[WhiteElo "2428"]
[BlackElo "2398"]
[PlyCount "89"]
[EventDate "2010.11.19"]
[EventType "team"]
[EventRounds "11"]
[EventCountry "AUT"]
[WhiteTeam "Styria Graz"]
[BlackTeam "SK Advisory Invest Baden"]

1.d4 Nf6 2.Nf3 e6 3.c4 b6 4.e3 Bb7 5.Bd3 d5 6.O-O Bd6 7.Nc3 O-O 8.cxd5 exd5
9.Nb5 Be7 10.b3 Nbd7 11.Bb2 Ne4 12.Rc1 c6 13.Nc3 f5 14.Ne2 Bd6 15.Ne5 Qc7 16.f4
Ndf6 17.Ng3 Nxg3 18.hxg3 g6 19.Rc2 Rac8 20.Qe2 Qg7 21.Qd2 Rc7 22.Rfc1 Rfc8
23.Be2 Ne4 24.Qe1 Qe7 25.Kh2 Bb4 26.Qd1 Qf8 27.g4 Qh6+ 28.Kg1 g5 29.Bd3 gxf4
30.gxf5 fxe3 31.Bxe4 dxe4 32.Qe2 Bd6 33.Re1 c5 34.dxc5 Rxc5 35.Rxc5 Rxc5 36.Qg4+
Kf8 37.Nd7+ Kf7 38.Nxc5 Qh2+ 39.Kf1 Bxc5 40.Qg7+ Ke8 41.Qg8+ Bf8 42.Qe6+ Be7
43.Qg8+ Bf8 44.Qe6+ Be7 45.Qg8+

[Event "1. Bundesliga 2010/2011"]
[Site "St. Veit/Glan"]
[Date "2011.03.05"]
[Round "10"]
[Board "5"]
[White "Loeffler, Stefan"]
[Black "Wittmann, Walter"]
[Result "1-0"]
[WhiteElo "2409"]
[BlackElo "2291"]
[PlyCount "49"]
[EventDate "2010.11.19"]
[EventType "team"]
[EventRounds "11"]
[EventCountry "AUT"]
[WhiteTeam "SK Advisory Invest Baden"]
[BlackTeam "Styria Graz"]

1.Nf3 c5 2.c4 Nc6 3.d4 cxd4 4.Nxd4 e5 5.Nb5 a6 6.Nd6+ Bxd6 7.Qxd6 Qf6 8.Qd2 Nge7
9.Nc3 O-O 10.e3 Qg6 11.h4 h5 12.b3 b5 13.Bb2 Nb4 14.e4 bxc4 15.Bxc4 d5 16.Nxd5
Qxe4+ 17.Ne3 Nec6 18.O-O Rd8 19.Qc3 Nd4 20.Rae1 Nxa2 21.Qa5 Bb7 22.f4 Nf5
23.Qxe5 Rd2 24.Rf2 Rad8 25.Nxf5

[Event "1. Bundesliga 2010/2011"]
[Site "St. Veit/Glan"]
[Date "2011.03.05"]
[Round "10"]
[Board "6"]
[White "Manhardt, Thomas"]
[Black "Lendwai, Reinhard"]
[Result "0-1"]
[WhiteElo "2136"]
[BlackElo "2369"]
[PlyCount "86"]
[EventDate "2010.11.19"]
[EventType "team"]
[EventRounds "11"]
[EventCountry "AUT"]
[WhiteTeam "Styria Graz"]
[BlackTeam "SK Advisory Invest Baden"]

1.e4 c6 2.d4 d5 3.Nc3 dxe4 4.Nxe4 Nf6 5.Nxf6+ gxf6 6.c3 h5 7.h4 Bg4 8.Be2 Bxe2
9.Nxe2 Qd5 10.Nf4 Qf5 11.Qd3 Qg4 12.Qe2 Qxe2+ 13.Nxe2 Nd7 14.Be3 e6 15.O-O-O b5
16.Kb1 Bd6 17.g3 Ke7 18.Bf4 Nb6 19.Bxd6+ Kxd6 20.Nf4 Nd5 21.Nd3 Rhg8 22.Kc2 a5
23.a4 Ke7 24.Ra1 Rgd8 25.Nc5 b4 26.Rhd1 Rg8 27.c4 Nb6 28.b3 Rg4 29.Rd2 Nd7
30.Rad1 Ra7 31.Nd3 Rxd4 32.Nf4 Rxd2+ 33.Rxd2 Ne5 34.Nxh5 Nf3 35.Rd1 e5 36.Kb2
Ra8 37.Rd3 Nd4 38.g4 Rg8 39.f3 f5 40.g5 Rh8 41.Rxd4 Rxh5 42.Rd3 Rxh4 43.c5 Rd4